Equilibri econòmic i estabilitat pressupostària : any 2008 / documentació realitzada per: Josep Casas ; organització i coordinació: Intervenció General, Servei d'Assistència a la Gestió Econòmica Local any 2008 / documentació realitzada per:

per Casas Serra, Josep

Descripció física: 74 p. ; 29 cm

MARC

LEADER 00000nam a2200000Ia 4500
001 21618
008 160829s2008 xx 000 0 cat d
080 |a M-6-207 
100 |a Casas Serra, Josep   |9 44552 
245 |a Equilibri econòmic i estabilitat pressupostària :  |b  any 2008 / documentació realitzada per:  |b  Josep Casas ; organització i coordinació:  |b  Intervenció General, Servei d'Assistència a la Gestió Econòmica Local 
260 |a Barcelona :  |b Diputació de Barcelona. Àrea d'Hisenda i Recursos Interns. Intervenció General. Servei d'Assistència a la Gestió Econòmica Local,  |c 2008 
300 |a 74 p. ;  |c 29 cm 
590 |a A la portada: Assistència a la formació Econòmica Local. Formació per a responsables econòmics municipals 
650 0 |a Pressupost   |9 40977 
650 |a Equilibri (Economia)  |9 40978 
710 1 |a Barcelona (Catalunya : Província).  |b Servei d’Assistència a la Gestió Econòmica Local  |9 53081 
901 |a Arxiu 
942 |n 1 
952 |0 0  |1 0  |4 0  |6 M6207  |7 1  |9 52534  |a Arxiu  |b Arxiu  |d 2016-12-01  |l 0  |o M-6-207  |p 21618  |r 2016-12-01 00:00:00  |w 2016-12-01  |y ARXIU 
999 |c 56382  |d 56382